I'm Not Going to Take This Lying Down! Quiz Stats

 Plays Quiz Updated Aug 19, 2017

Challenge
Share
Tweet
Score 0/20 Timer 05:00
4 Plays Today
% Correct
Star Wars: Episode IV - A New Hope
99%
Snow White and the Seven Dwarfs
94%
Shrek Forever After
92.6%
Forrest Gump
90.6%
The Wizard of Oz
87.9%
Dirty Dancing
86.7%
Wayne's World
80.2%
One Hundred and One Dalmatians
79.9%
The Exorcist
75.2%
Misery
74.6%
% Correct
Willy Wonka & the Chocolate Factory
72.7%
Young Frankenstein
67.4%
Planes, Trains and Automobiles
64.9%
Jurassic Park
64.9%
Ferris Bueller's Day Off
59.9%
The Good Dinosaur
55.6%
The Princess Bride
55.3%
Breakfast at Tiffany's
51.6%
Spaceballs
26.9%
Fantastic Beasts and Where to Find Them
19.6%

You're not logged in!

Compare scores with friends on all Sporcle quizzes.
OR
Log In

You Might Also Like...

Show Comments

Extras

Top Quizzes Today


Score Distribution

Your Account Isn't Verified!

In order to create a playlist on Sporcle, you need to verify the email address you used during registration. Go to your Sporcle Settings to finish the process.

Report this User

Report this user for behavior that violates our Community Guidelines.

Details: